Fundamentals of Corporate Finance (Record no. 3673)

MARC details
005 - DATE AND TIME OF LATEST TRANSACTION
control field 20250613120705.0
020 ## - INTERNATIONAL STANDARD BOOK NUMBER
International Standard Book Number 978-0-07-301238-4
082 ## - DEWEY DECIMAL CLASSIFICATION NUMBER
Classification number 658.15 BRE
100 ## - MAIN ENTRY--PERSONAL NAME
Author name BREALEY, A. R.
245 ## - TITLE STATEMENT
Title Fundamentals of Corporate Finance
250 ## - EDITION STATEMENT
Edition statement 8th Ed.
260 ## - PUBLICATION, DISTRIBUTION, ETC.
Place of publication, distribution, etc. Boston,
Name of publisher, distributor, etc. McGraw-Hill Irwin,
Date of publication, distribution, etc. 2007.
300 ## - PHYSICAL DESCRIPTION
Extent xi, 722p.
Other physical details Glossary and Index
Dimensions 28 cm
700 ## - ADDED ENTRY--PERSONAL NAME
Other authors/Editors Stewart C. Myers
700 ## - ADDED ENTRY--PERSONAL NAME
Other authors/Editors Alan J. Marcus
942 ## - ADDED ENTRY ELEMENTS (KOHA)
Source of classification or shelving scheme Dewey Decimal Classification
Koha item type Books
Holdings
Date last seen Total checkouts Full call number Barcode Cost, replacement price Price effective from Koha item type Lost status Source of classification or shelving scheme Damaged status Not for loan Withdrawn status Home library Current library Shelving location Date acquired Source of acquisition Cost, normal purchase price
06/11/2025   658.15 BRE MZA000690 150000.00 06/11/2025 Books   Dewey Decimal Classification       CBE Mwanza CBE Mwanza General Collection 07/01/2007 Library Budget 50000.00
06/11/2025   658.15 BRE MZA000691 150000.00 06/11/2025 Books   Dewey Decimal Classification       CBE Mwanza CBE Mwanza General Collection 07/01/2007 Library Budget 50000.00
06/11/2025   658.15 BRE MZA000692 150000.00 06/11/2025 Books   Dewey Decimal Classification       CBE Mwanza CBE Mwanza General Collection 07/01/2007 Library Budget 50000.00
06/11/2025   658.15 BRE MZA000693 150000.00 06/11/2025 Books   Dewey Decimal Classification       CBE Mwanza CBE Mwanza General Collection 07/01/2007 Library Budget 50000.00
06/11/2025   658.15 BRE MZA000694 150000.00 06/11/2025 Books   Dewey Decimal Classification       CBE Mwanza CBE Mwanza General Collection 07/01/2007 Library Budget 50000.00
06/11/2025   658.15 BRE MZA000695 150000.00 06/11/2025 Books   Dewey Decimal Classification       CBE Mwanza CBE Mwanza General Collection 07/01/2007 Library Budget 50000.00
06/11/2025   658.15 BRE MZA000696 150000.00 06/11/2025 Books   Dewey Decimal Classification       CBE Mwanza CBE Mwanza General Collection 07/01/2007 Library Budget 50000.00
06/11/2025   658.15 BRE MZA000697 150000.00 06/11/2025 Books   Dewey Decimal Classification       CBE Mwanza CBE Mwanza General Collection 07/01/2007 Library Budget 50000.00
06/11/2025   658.15 BRE MZA000698 150000.00 06/11/2025 Books   Dewey Decimal Classification       CBE Mwanza CBE Mwanza General Collection 07/01/2007 Library Budget 50000.00
06/11/2025   658.15 BRE MZA000699 150000.00 06/11/2025 Books   Dewey Decimal Classification       CBE Mwanza CBE Mwanza General Collection 07/01/2007 Library Budget 50000.00